00993nam a2200277 a 450000100060000000300080000600500170001400800410003102000150007202000150008703500190010203500140012104000340013504100130016908200260018210000180020824501220022626000460034830000340039450000920042850400510052065100420057170000290061370000440064270000290068636236BD-RjUL20211209052445.0140618t1994 ja a b 001 0 eng d a4130370219 a0860085015 a(BD-RjUL)36333 a(BD-RjUL) aANLbengcANLdNSL:RdBD-RjUL0 aenghjap04a320.952220bABG 19941 aAbe, Hitoshi.14aThe government and politics of Japan /cHitoshi Abe, Muneyuki Shindo, Sadafumi Kawato ; translated by James W. White. aTokyo:bUniversity of Tokyo Press,c1994. axiv, 244 p. :bill. ;c23 cm. aTranslation of: Gaisetsu gendai Nihon no seiji. Tokyo : Tokyo Daigaku Shuppankai, 1990. aIncludes Bibliographical references and index. 0aJapanxPolitics and governmenty1868-1 aShindo, Muneyuki,d1946-1 aWhite, James W.q(James Wilson),d1941-1 aKawato, Sadafumi,d1952-